000 00984nam a22002177a 4500
005 20250827163139.0
008 240903b ||||| |||| 00| 0 eng d
082 _aDPer 796.07 J826 July-October 2019 January-April 2020 v. 38, 39 n. 3-4, 1-2
100 _aChroinin, Deirdre Ni.
_eauthor.
_959933
245 _a"We took pictures" :
_bchildren's meaning-making in physical education /
_cDeirdre Ni Chroinin, Maura Coulter, and Melissa Parker.
260 _aChampaign, Illinois ;
_bHuman Kinetics, Inc. ,
_cApril 2020.
300 _aVolume 39, pages 216-226 :
_billustration ;
_c28 cm.
500 _aJournal of Teaching in Physical Education, vol. 39, no. 2, pages 216-226, April 2020.
650 0 _a Children's attitudes.
_967107
650 0 _aConstructivism (Learning).
_967108
650 0 _aPhotography.
_924879
700 _aChroinin, Deirdre Ni.
_eauthor.
_959933
700 _aCoulter, Maura.
_eauthor.
_959934
700 _aParker, Melissa.
_eauthor.
_959935
942 _2ddc
_cPER
999 _c21226
_d21226